000 00601nam a2200229Ia 4500
003 OSt
005 20220928121408.0
006 a|||||r|||| 00| 0
007 ta
008 220927b |||||||| |||| 00| 0 eng d
024 _a64057
037 _cTextual
040 _aSDCL
_cSDCL
_beng
041 _2eng
_aeng
082 _az41, M23
100 _aMoulik T.K.
_9451894
245 0 _aMao's China
_b The dilemma
260 _aNew Delhi
_bSomaiya publications Pvt.Ltd.
_c1982
300 _axii;192
_ccm.
942 _hz41, M23
_cTEXL
_2CC
999 _c765893
_d765893